| 000 | 00892cam a22002297i 4500 | ||
|---|---|---|---|
| 999 |
_c13954 _d13954 |
||
| 020 | _a9780545530446 | ||
| 020 | _a054553044X | ||
| 082 | _aFic K38 2014 | ||
| 100 | 1 | _aKennedy, Marlane. | |
| 245 | 1 | 0 |
_aEarthquake shock / _cby Marlane Kennedy ; illustrated by Erwin Madrid. |
| 260 |
_aNew York, NY : _bScholastic Inc., _cc2014. |
||
| 300 |
_a108 pages : _billustrations ; _c20 cm. |
||
| 337 | _aunmediated | ||
| 490 | 1 | _aDisaster strikes | |
| 520 | _aWhen a sudden earthquake hits during a visit to the skate park, Joey and his friends are trapped on opposite sides of a collapsed overpass and must rescue each other while enduring aftershocks and making their way safely home. | ||
| 526 | _aFICTION | ||
| 650 | 0 | _aEarthquakes--Juvenile fiction. | |
| 650 | 0 | _aRescue work--Juvenile fiction. | |
| 650 | 0 | _aSurvival--Juvenile fiction. | |
| 700 | 1 | _aMadrid, Erwin. | |
| 942 |
_2ddc _cBK |
||